000 00820cam a22002417a 4500
001 8079226
003 GBCCL
005 20241126110408.0
008 080117s2007 ii a 101 0 eng d
020 _a9788184580068
035 _a(OCoLC)ocn689434054
035 _a8079226
040 _aCtY-D
_cCtY-D
082 _a266.0014
_bCOM
245 1 0 _aCommunication as mission :
_bNational consultation at Ishvani Kendra, Prune 12--16 December, 2006 /
_cEdited by L. Stanislaus SVD, Jose Joseph SVD
260 _aDelhi :
_bIndian Society for Promoting Christian Knowledge (ISPCK),
_c2007
300 _a335 p. :
_bill. ;
_c22 cm.
650 0 _aMissions
_zIndia.
_952
650 0 _aCommunication
_xReligious aspects
_xChristianity.
_91427
700 1 _aStanislaus, L.
_93131
700 1 _aJoseph, Jose
_93585
942 _2ddc
_cBK
_018
999 _c1741
_d1741